00984cam a22003374i 4500003000900000005001700009008004100026035002000067040003300087082001300120100002600133245008100159264004200240300003800282336002100320337002500341338002300366504004000389505012100429526001000550526001000560526001000570526001000580526000800590526000800598526000800606526000800614526000800622526000800630526000800638PE-LiUPU20250731173051.0150215s1972 nyu rb 000 0 spa d a(Sirsi) a241305 aPE-LiUPUbspacPE-LiUPUerda04a296bD161 aDarms, Anton,eautor.14aThe delusion of britis-Israelism :ba comprehensive treatise /cAnton Darms. 1aNey York :bLoizeaux brothers,c1972. a223 páginas ;c20 centímetros atext2rdacontent aunmediated2rdamedia avolume2rdacarrier aBibliografía : páginas 221-223.0 aThe jews-- twelve-tribed israel -- Palestine, not britian, the appointed place -- Great britain's place in prophecy. aSEG42 aSEG41 aSEG40 aSEG39 aP94 aP87 aP86 aP85 aP77 aP76 aP35